|
|
|
|
| LEADER |
00000nam0a2200000 4500 |
| 001 |
213800 |
| 005 |
20231031193409.0 |
| 010 |
|
|
|a 9785699477333
|
| 035 |
|
|
|a (RuTPU)RU\TPU\book\233632
|
| 035 |
|
|
|a RU\TPU\book\233616
|
| 090 |
|
|
|a 213800
|
| 100 |
|
|
|a 20120418d2011 m y0rusy50 ca
|
| 101 |
0 |
|
|a rus
|
| 102 |
|
|
|a RU
|
| 105 |
|
|
|a y z 000ay
|
| 200 |
1 |
|
|a Девушка с синими гортензиями
|e роман
|f В. Вербинина
|
| 210 |
|
|
|a Москва
|c Эксмо
|d 2011
|
| 215 |
|
|
|a 348 с.
|
| 225 |
1 |
|
|a Незнакомка
|
| 225 |
1 |
|
|a Амалия - секретный агент императора
|
| 330 |
|
|
|a Она была актрисой, любимицей публики, столь же талантливой, сколь и красивой. Ее лицо не покидало обложек журналов, о ее украшениях слагали легенды, ее считали самой счастливой женщиной — но Женевьева Лантельм таинственным образом погибла во время круиза на яхте. Ее муж утверждал, что произошел несчастный случай, хотя ходили упорные слухи о самоубийстве или даже убийстве... Десять лет спустя по просьбе частного лица Амалия Корф, бывший секретный агент российского императора, взялась расследовать это странное дело. Казалось бы, все давно в прошлом, как вдруг кто-то начал избавляться от оставшихся свидетелей той драмы. И тогда Амалия поняла: преступник куда ближе, чем она думала...
|
| 610 |
1 |
|
|a русская литература
|
| 610 |
1 |
|
|a детективы
|
| 610 |
1 |
|
|a романы
|
| 675 |
|
|
|a Р2
|v 3
|
| 700 |
|
1 |
|a Вербинина
|b В.
|c писательница
|f 1975-
|g Валерия
|2 stltpush
|3 (RuTPU)RU\TPU\pers\38261
|
| 801 |
|
1 |
|a RU
|b 63413507
|c 20120418
|
| 801 |
|
2 |
|a RU
|b 63413507
|c 20170410
|g RCR
|
| 942 |
|
|
|c BK
|